=LDR 00000nam 2200000 4500 =001 INLIS000000000000988 =005 20130612085414 =008 ***********************************Ind** =035 ##$$0010-061300000000988 =041 ##$$a Ind =082 ##$$a 796.54 =090 ##$$a 796.54, Suy b =100 ##$$a Suyono HR =245 ##$$a Bertualang kegua candi, Suyono HR, Steve K =260 ##$$a 1992 $b Jakarta =300 ##$$a 63 hlm, Ilus, 21 cm =650 ##$$a Berkemah-Bacaan kanak-kanak =700 ##$$a Steve K =850 ##$$a NBPNMAT